<?xml version="1.0" encoding="UTF-8"?>
<record
    xmlns:xsi="http://www.w3.org/2001/XMLSchema-instance"
    xsi:schemaLocation="http://www.loc.gov/MARC21/slim http://www.loc.gov/standards/marcxml/schema/MARC21slim.xsd"
    xmlns="http://www.loc.gov/MARC21/slim">

  <leader>00893nam a22002297a 4500</leader>
  <controlfield tag="005">20240530110344.0</controlfield>
  <controlfield tag="008">141130b2012    le     grb    001 0 ara d</controlfield>
  <datafield tag="020" ind1=" " ind2=" ">
    <subfield code="a">9789953825007</subfield>
  </datafield>
  <datafield tag="040" ind1=" " ind2=" ">
    <subfield code="a">EG-CaGPL</subfield>
  </datafield>
  <datafield tag="041" ind1="0" ind2=" ">
    <subfield code="a">ara</subfield>
  </datafield>
  <datafield tag="082" ind1="0" ind2="4">
    <subfield code="2">21</subfield>
    <subfield code="a">327.567047\</subfield>
    <subfield code="b">&#x639; &#x639;</subfield>
  </datafield>
  <datafield tag="100" ind1="0" ind2=" ">
    <subfield code="a">&#x639;&#x644;&#x649; &#x645;&#x62D;&#x645;&#x62F; &#x639;&#x64A;&#x62F;&#x627;&#x646; &#x627;&#x644;&#x62C;&#x628;&#x648;&#x631;&#x649;</subfield>
  </datafield>
  <datafield tag="245" ind1="1" ind2="2">
    <subfield code="a">&#x627;&#x644;&#x639;&#x644;&#x627;&#x642;&#x627;&#x62A; &#x627;&#x644;&#x639;&#x631;&#x627;&#x642;&#x64A;&#x629; - &#x627;&#x644;&#x631;&#x648;&#x633;&#x64A;&#x629; ( 1991 - 2011 ) /</subfield>
    <subfield code="c">&#x639;&#x644;&#x649; &#x645;&#x62D;&#x645;&#x62F; &#x639;&#x64A;&#x62F;&#x627;&#x646; &#x627;&#x644;&#x62C;&#x628;&#x648;&#x631;&#x649;</subfield>
  </datafield>
  <datafield tag="250" ind1=" " ind2=" ">
    <subfield code="a">&#x637;1</subfield>
  </datafield>
  <datafield tag="260" ind1=" " ind2=" ">
    <subfield code="a">&#x628;&#x64A;&#x631;&#x648;&#x62A; :</subfield>
    <subfield code="b">&#x645;&#x631;&#x643;&#x632; &#x62F;&#x627;&#x633;&#x627;&#x62A; &#x627;&#x644;&#x648;&#x62D;&#x62F;&#x629; &#x627;&#x644;&#x639;&#x631;&#x628;&#x64A;&#x629; &#x60C;</subfield>
    <subfield code="c">2012</subfield>
  </datafield>
  <datafield tag="300" ind1=" " ind2=" ">
    <subfield code="a">303 &#x635; &#x61B;</subfield>
    <subfield code="c">24 &#x633;&#x645;</subfield>
  </datafield>
  <datafield tag="504" ind1=" " ind2=" ">
    <subfield code="a">&#x628;&#x628;&#x644;&#x64A;&#x648;&#x62C;&#x631;&#x627;&#x642;&#x64A;&#x629; : &#x635; 267 - 287</subfield>
  </datafield>
  <datafield tag="651" ind1="0" ind2="4">
    <subfield code="a">&#x627;&#x644;&#x639;&#x631;&#x627;&#x642;</subfield>
    <subfield code="x">&#x627;&#x644;&#x639;&#x644;&#x627;&#x642;&#x627;&#x62A; &#x627;&#x644;&#x62E;&#x627;&#x631;&#x62C;&#x64A;&#x629;</subfield>
    <subfield code="z">&#x631;&#x648;&#x633;&#x64A;&#x627;</subfield>
  </datafield>
  <datafield tag="651" ind1="0" ind2="4">
    <subfield code="a">&#x631;&#x648;&#x633;&#x64A;&#x627;</subfield>
    <subfield code="x">&#x627;&#x644;&#x639;&#x644;&#x627;&#x642;&#x627;&#x62A; &#x627;&#x644;&#x62E;&#x627;&#x631;&#x62C;&#x64A;&#x629;</subfield>
    <subfield code="z">&#x627;&#x644;&#x639;&#x631;&#x627;&#x642;</subfield>
  </datafield>
  <datafield tag="942" ind1=" " ind2=" ">
    <subfield code="2">ddc</subfield>
    <subfield code="c">BK</subfield>
  </datafield>
  <datafield tag="999" ind1=" " ind2=" ">
    <subfield code="c">59944</subfield>
    <subfield code="d">59944</subfield>
  </datafield>
  <datafield tag="952" ind1=" " ind2=" ">
    <subfield code="0">0</subfield>
    <subfield code="1">0</subfield>
    <subfield code="4">0</subfield>
    <subfield code="7">0</subfield>
    <subfield code="a">CAI</subfield>
    <subfield code="b">CAI</subfield>
    <subfield code="d">2014-11-30</subfield>
    <subfield code="l">0</subfield>
    <subfield code="o">327.567047\ &#x639; &#x639;</subfield>
    <subfield code="p">158909</subfield>
    <subfield code="r">2014-11-30 00:00:00</subfield>
    <subfield code="w">2014-11-30</subfield>
    <subfield code="y">BK</subfield>
  </datafield>
</record>
